000 00481nmm a2200157Ia 4500
008 251105s9999||||xx |||||||||||||||||und||
020 _a9788431534004
041 _aspa
100 _aClerget, Stéphane
245 0 _aSeparémonos... pero protejamos a nuestros hijos
264 _a[Madrid, España] :
_bDe Vecchi,
_c[Fecha de publicación no identificada]
300 _a0 páginas
650 _aFamily
856 _uhttps://public.digitaliapublishing.com/a/121900
942 _cCF
999 _c81371
_d81371